LEADER 01001nam0-22002891i-450- 001 990000973490403321 005 20040531100742.0 010 $a3-540-12899-9 035 $a000097349 035 $aFED01000097349 035 $a(Aleph)000097349FED01 035 $a000097349 100 $a20020001d--------km-y0itay50------ba 101 0 $aeng 200 1 $aKinetic Theories and the Boltzmann Equation$eLectures given at the 1st 1981 Session of the Centro Internazionale Matematico Estivo (C.I.M.E.) held at Montecatini, Italy, June 10-18, 1981$fEdited by Carlo Cercignani 210 $aBerlin [etc.]$cSpringer-Verlag$d1984 225 1 $aLecture Notes in Mathematics$v1048 610 0 $aMeccanica statistica 676 $a530.13 700 1$aCercignani,$bCarlo$f<1939-2010>$017698 801 0$aIT$bUNINA$gRICA$2UNIMARC 901 $aBK 912 $a990000973490403321 952 $a21-127F$b13076$fFI1 959 $aFI1 996 $aKinetic Theories and the Boltzmann Equation$9352908 997 $aUNINA LEADER 01071nam a2200289 i 4500 001 991002665149707536 005 20020508204001.0 008 981216s1998 us ||| | eng 020 $a0674991451 035 $ab11042643-39ule_inst 035 $aPARLA166795$9ExL 040 $aDip.to Scienze dell'Antichità$bita 041 0 $aenggrc 100 1 $aEpictetus$0449387 245 14$aThe discourses :$bbooks 1.-2. /$cEpictetus ; with an english translation by W.A. Oldfather 260 $aCambridge, Mass. ; London :$bHarvard University Press,$c1998 300 $aXXXVIII, 436 p. ;$c17 cm. 440 4$aThe Loeb classical library [Autori greci] ;$v131 500 $aTesto greco con traduzione inglese. 650 4$aEpitteto 700 1 $aOldfather, W. A. 907 $a.b11042643$b02-04-14$c28-06-02 912 $a991002665149707536 945 $aLE015 LOEB EPICTETUS 1$g1$i2015000025524$lle007$o-$pE0.00$q-$rn$so $t0$u0$v0$w0$x0$y.i11165960$z28-06-02 996 $aDiscourses$9858696 997 $aUNISALENTO 998 $ale007$b01-01-98$cm$da $e-$feng$gus $h4$i1